DEMOCRACY IN INDIA: A CITIZEN'S PERSPECTIVE (Record no. 27228)
[ view plain ]
| 000 -LEADER | |
|---|---|
| fixed length control field | 00330nam a22001457a 4500 |
| 003 - CONTROL NUMBER IDENTIFIER | |
| control field | SGT |
| 082 ## - DEWEY DECIMAL CLASSIFICATION NUMBER | |
| Classification number | 320.954 |
| Item number | D15K |
| 100 ## - MAIN ENTRY--PERSONAL NAME | |
| Personal name | KUMAR, SANJAY |
| 245 ## - TITLE STATEMENT | |
| Title | DEMOCRACY IN INDIA: A CITIZEN'S PERSPECTIVE |
| 260 ## - PUBLICATION, DISTRIBUTION, ETC. (IMPRINT) | |
| Name of publisher, distributor, etc | LOKNITI CSDS |
| Year of Publication | 2015 |
| 300 ## - PAGE DESCRIPTION | |
| No. of Pages | 206 |
| 650 ## - SUBJECT ADDED ENTRY--TOPICAL TERM | |
| Topical term or geographic name as entry element | POLITICAL SCIENCE |
| 653 ## - KEYWORDS--INDEX TERM | |
| Keyword term | DEMOCRACY |
| 942 ## - ADDED ENTRY ELEMENTS (KOHA) | |
| Source of classification or shelving scheme | Dewey Decimal Classification |
| Koha item type | Books |
| Withdrawn status | Lost status | Source of classification or shelving scheme | Damaged status | Not for loan | Home library | Current library | Shelving location | Date acquired | SGTU | Total Checkouts | Full call number | Accession No. (Barcode) | Date last seen | Bill Date | Koha item type |
|---|---|---|---|---|---|---|---|---|---|---|---|---|---|---|---|
| Dewey Decimal Classification | Not For Loan | SGT Chancellor's Library | SGT Chancellor's Library | Reference Book | 13/11/2024 | SGTU | 320.954 D15K | CH563 | 13/11/2024 | 13/11/2024 | Books |